000 00787nam a2200133Ia 4500
008 151213s9999 xx 000 0 und d
100 _aপ্রফেসর মো: এ রউফ / অধ্যক্ষ্য নূর আফরোজা বেগম জ্যোতি।
245 _aপর্র্যটকের বাংলাদেশ ডায়েরী ।
_cপ্রফেসর মো: এ রউফ / অধ্যক্ষ্য নূর আফরোজা বেগম জ্যোতি।
250 _a১ম সং
260 _aবগুরা
_bজ্যোতি।
_c2003
300 _a2233 p.
700 _aপ্রফেসর মো: এ রউফ / অধ্যক্ষ্য নূর আফরোজা বেগম জ্যোতি।
999 _c1629
_d1629